| 000 | 00628nam a2200241Ia 4500 | ||
|---|---|---|---|
| 008 | 180523s9999 xx 000 0 und d | ||
| 020 | _a987-0-07-065573-7 | ||
| 050 | _aMAIN TX 911.3 | ||
| 050 | _b.M27A53 2008 | ||
| 100 | _aAndrews, Sudhir. | ||
| 245 | 0 | _aTextbook of food and beverage management / | |
| 245 | 0 | _cSudhir Andrews. | |
| 260 | _aNew York : | ||
| 260 | _bMcGraw-Hill, | ||
| 260 | _c2008 | ||
| 300 | _a588 pages : | ||
| 300 | _billustrations ; | ||
| 300 | _c24 cm. | ||
| 500 | _aIncludes index. | ||
| 650 | _aBartending. | ||
| 650 | _aFood service management. | ||
| 650 | _xRestaurant management. | ||
| 999 |
_c357753 _d357753 |
||